£1.2bn for new housing (Record no. 71178)

MARC details
000 -LEADER
fixed length control field 00839cam a2200205 4500
001 - CONTROL NUMBER
control field WB3834-11
008 - FIXED-LENGTH DATA ELEMENTS--GENERAL INFORMATION
fixed length control field 020919n2002 000 0 eng u
035 ## - SYSTEM CONTROL NUMBER
System control number (Sirsi) u119749
245 ## - TITLE STATEMENT
Title £1.2bn for new housing
260 ## - PUBLICATION, DISTRIBUTION, ETC.
Date of publication, distribution, etc. 2002
490 ## - SERIES STATEMENT
Series statement ODPM News Release
Volume/sequential designation (079) 18 September 2002, (2)
520 ## - SUMMARY, ETC.
Summary, etc. Government announces a new £1.2bn housebuilding programme, an increase of £365m on the current year. The additional funds have been allocated to the Housing Corporation's Approved Development Programme and should deliver up to 22 700 homes in 2003-04, exceeding government's social housing target for 2001-04. www.odpm.gov.uk/news/0209/0079.htm
590 ## - LOCAL NOTE (RLIN)
Local note WB
650 ## - SUBJECT ADDED ENTRY--TOPICAL TERM
Topical term or geographic name entry element HOUSE BUILDING
650 ## - SUBJECT ADDED ENTRY--TOPICAL TERM
Topical term or geographic name entry element NEW HOUSING
650 ## - SUBJECT ADDED ENTRY--TOPICAL TERM
Topical term or geographic name entry element GOVERNMENT FUNDING
650 ## - SUBJECT ADDED ENTRY--TOPICAL TERM
Topical term or geographic name entry element SOCIAL HOUSING
690 ## - LOCAL SUBJECT ADDED ENTRY--TOPICAL TERM (OCLC, RLIN)
Topical term or geographic name as entry element HOUSING
942 ## - ADDED ENTRY ELEMENTS (KOHA)
Suppress in OPAC 0
Holdings
Withdrawn status Lost status Source of classification or shelving scheme Damaged status Not for loan Home library Current library Shelving location Date acquired Total Checkouts Full call number Barcode Date last seen Copy number Price effective from Koha item type
    Dewey Decimal Classification     London London News article 19/09/2002   WB3834-11 119749-1001 06/08/2019 1 06/08/2019 News article